<?xml version="1.0" encoding="UTF-8"?>
<collection xmlns="http://www.loc.gov/MARC21/slim">
 <record>
  <leader>01470cam a22003131a 4500</leader>
  <controlfield tag="001">000033204</controlfield>
  <controlfield tag="003">9348</controlfield>
  <controlfield tag="005">20211207091800.0</controlfield>
  <controlfield tag="008">151016s2010                  000   vie</controlfield>
  <datafield tag="041" ind1=" " ind2=" ">
   <subfield code="a">VIE</subfield>
  </datafield>
  <datafield tag="082" ind1=" " ind2=" ">
   <subfield code="a">378</subfield>
   <subfield code="b">NG-A</subfield>
  </datafield>
  <datafield tag="100" ind1=" " ind2=" ">
   <subfield code="a">Ngô Trần Ái</subfield>
  </datafield>
  <datafield tag="245" ind1=" " ind2="0">
   <subfield code="a">Đổi mới quản lý hệ thồng GDDH giai đoạn 2010-2012 /</subfield>
   <subfield code="c">Ngô Trần Ái.</subfield>
  </datafield>
  <datafield tag="260" ind1=" " ind2=" ">
   <subfield code="a">-H :</subfield>
   <subfield code="b">Giao duc Viet nam,</subfield>
   <subfield code="c">2010.</subfield>
  </datafield>
  <datafield tag="300" ind1=" " ind2=" ">
   <subfield code="a">25cm :</subfield>
   <subfield code="b">238tr;.</subfield>
  </datafield>
  <datafield tag="502" ind1=" " ind2=" ">
   <subfield code="a">Bo giao duc va đao tao</subfield>
  </datafield>
  <datafield tag="650" ind1=" " ind2=" ">
   <subfield code="a">Giao duc</subfield>
   <subfield code="b">Giao duc bac Đai hoc</subfield>
   <subfield code="x">Chương trinh hanh đong cua bo GD&amp;ĐT đoi mơi quan ly GD dai hoc giai đoan 2010-2012</subfield>
   <subfield code="x">Cac van ban,nghi quyet doi voi hoat dong cac trương Đai hoc,Cao đăng</subfield>
   <subfield code="y">Nghi quyet cua Quoc hoi,quyet đinh cua bo GD&amp;ĐTve nhưng van đe lien quan đen GD</subfield>
   <subfield code="z">Qui che ve đao tao trinh đo va qui che thuc hien doi voi co so GD cua he thong quoc dan</subfield>
  </datafield>
  <datafield tag="653" ind1=" " ind2=" ">
   <subfield code="a">Ngô Trần Ái, đổi mới, GD, ĐH, GDDH, 2010-2012giáo dục</subfield>
  </datafield>
  <datafield tag="700" ind1=" " ind2=" ">
   <subfield code="a">bien tap:</subfield>
   <subfield code="b">Ban bien tap sach va kiem định chat lượng</subfield>
  </datafield>
  <datafield tag="OWN" ind1=" " ind2=" ">
   <subfield code="a">LNN</subfield>
  </datafield>
  <datafield tag="AVA" ind1=" " ind2=" ">
   <subfield code="a">UDN50</subfield>
   <subfield code="b">LNN</subfield>
   <subfield code="d">378 NG-A</subfield>
   <subfield code="e">available</subfield>
   <subfield code="t">Error 5001 Not defined in file expand_doc_bib_avail.</subfield>
   <subfield code="f">4</subfield>
   <subfield code="g">0</subfield>
   <subfield code="h">N</subfield>
   <subfield code="i">0</subfield>
   <subfield code="k">1</subfield>
  </datafield>
  <datafield tag="999" ind1=" " ind2=" ">
   <subfield code="a">From the UDN01</subfield>
  </datafield>
  <datafield tag="AVA" ind1=" " ind2=" ">
   <subfield code="a">UDN50</subfield>
   <subfield code="b">LNN</subfield>
   <subfield code="d">378 NG-A</subfield>
   <subfield code="e">available</subfield>
   <subfield code="t">Error 5001 Not defined in file expand_doc_bib_avail.</subfield>
   <subfield code="f">4</subfield>
   <subfield code="g">0</subfield>
   <subfield code="h">N</subfield>
   <subfield code="i">0</subfield>
   <subfield code="k">1</subfield>
  </datafield>
  <datafield tag="TYP" ind1=" " ind2=" ">
   <subfield code="a">Dissertation</subfield>
  </datafield>
  <datafield tag="TYP" ind1=" " ind2=" ">
   <subfield code="a">Monograph</subfield>
  </datafield>
  <datafield tag="980" ind1=" " ind2=" ">
   <subfield code="a">Mạng thư viện Đại học Đà Nẵng</subfield>
  </datafield>
 </record>
</collection>
